| 000 | 01219nam a22002057a 4500 | ||
|---|---|---|---|
| 999 |
_c60643 _d60643 |
||
| 005 | 20230928112353.0 | ||
| 008 | 230928s1974 fr ||||| |||| 00| 0 fre d | ||
| 041 | _afre | ||
| 080 | _a069 L-44 | ||
| 245 |
_aLe portrait romain : _bAlbum et catalogue illustré de toute la collection / _cMusée de l'Ermitage; avant-propos et texte de A. Vostchinina; version française de T. Gourévitch; photographies de V. Strékalov. |
||
| 264 |
_aLéningrad : _bÉditions d'art Aurore, _c1974. |
||
| 300 |
_a214 p. : _bill., _c30 cm. |
||
| 500 | _aდამატებითი თავფურცელი რუსულ ენაზე. | ||
| 505 | _aტექსტი ფრანგულ და რუსულ ენებზე. | ||
| 522 | _aბიბლიოგრაფია: გვ. 210-211 და ტექსტის შენიშვნებში. | ||
| 653 | _aძველი რომაული პორტრეტები | ||
| 653 | _aძველი რომაული ქანდაკება | ||
| 653 | _aილუსტრაციების ალბომები. ერმიტაჟის სკულპტურის კოლექციები. | ||
| 942 |
_2udc _cBK |
||